00563 2200241 4500001002100000005001500021035002000036008004100056245006100097100001800158250000600176260004500182300000900227022000600236024000600242084001400248082000800262650001100270863001300281990000900294990000900303990000900312INLIS00000000000023020190909113805 a0010-0919000050190909 0 ind 1 aDeru campur debu chairil anwar :bPuisi /cChairil Anwar aChairil Anwar a1 aJakarta :bYayasan Asah Asih Asuh,c1990 c21cm a0 a0 a811 CHA d a811 4aSastra a09-08-12 a2010 a2010 a2010